| Tag |
First Indicator |
Second Indicator |
Subfields |
| LEADER |
00000cam a2200000 i 4500 |
| 001 |
in00000307155 |
| 005 |
20151010143611.0 |
| 008 |
780322r19781947ctuaf b 00010 eng |
| 010 |
|
|
|a 78005694
|
| 020 |
|
|
|a 0313204527
|
| 035 |
|
|
|a (OCoLC)03844326
|
| 035 |
|
|
|9 ABH5575AM
|
| 040 |
|
|
|a DLC
|c DLC
|d TXA
|d UtOrBLW
|
| 043 |
|
|
|a n-us-ut
|
| 049 |
|
|
|a TXAM
|c [977813]
|
| 050 |
0 |
0 |
|a BX8611
|b .L29 1978
|
| 082 |
0 |
|
|a 289.3/73
|
| 100 |
1 |
|
|a Larson, Gustive Olof,
|d 1897-
|
| 245 |
1 |
0 |
|a Prelude to the kingdom :
|b Mormon desert conquest, a chapter in American cooperative experience /
|c by Gustive O. Larson.
|
| 264 |
|
1 |
|a Westport, Conn. :
|b Greenwood Press,
|c 1978
|
| 264 |
|
4 |
|c ©1947
|
| 300 |
|
|
|a 321 pages, 6 unnumbered pages, 8 unnumbered leaves of plates :
|b illustrations ;
|c 22 cm.
|
| 336 |
|
|
|a text
|b txt
|2 rdacontent
|
| 337 |
|
|
|a unmediated
|b n
|2 rdamedia
|
| 338 |
|
|
|a volume
|b nc
|2 rdacarrier
|
| 500 |
|
|
|a Reprint of the edition published by M. Jones Co., Francestown, N.H.
|
| 504 |
|
|
|a Bibliography: pages [325]-[327].
|
| 650 |
|
0 |
|a Mormons
|x History.
|
| 651 |
|
0 |
|a Utah
|x History.
|
| 999 |
|
|
|a MARS
|
| 999 |
f |
f |
|s e661de40-dabc-31da-8f1a-e96b437e2254
|i 646689b5-16f7-30ea-915d-2326224a080a
|t 0
|
| 952 |
f |
f |
|p ric
|a Texas A&M University
|b Rellis Campus
|c Joint Library Facility
|d Remote Storage
|t 0
|e BX8611 .L29 1978
|h Library of Congress classification
|i unmediated -- volume
|m A14801831532
|
| 998 |
f |
f |
|a BX8611 .L29 1978
|t 0
|l Remote Storage
|